Rujukan & panduan ActionScripts 2.0 : teori dan teknik asas :

Bibliographic Details
Main Author: Rosli Ab Ghani (Author)
Format: Book
Language:Malay
Published: Batu Caves : Venton Publishing 2004
Subjects:

MARC

LEADER 00000cam a2200000 7i4500
001 0000016992
005 20241028.0
008 231205 my a may
020 |a 9832661412 (pbk) 
040 |a INS   |b eng   |e rda 
090 0 0 |a TR897.7   |b .R67 2004 
100 0 |a Rosli Ab Ghani ,   |e author 
245 1 0 |a Rujukan & panduan ActionScripts 2.0 :   |b teori dan teknik asas :   |b Macromedia Flash MX 2004 Professional   |c Rosli Ab Ghani 
264 1 |a Batu Caves :   |b Venton Publishing   |c 2004 
264 4 |c ©2004 
300 |a 708 pages :   |b illustrations ;   |c 26 cm +.   |e 1 CD-ROM (4 3/4 in.) 
336 |a text  |2 rdacontent 
337 |a unmediated  |2 rdamedia 
338 |a volume  |2 rdacarrier 
650 0 |a Computer animation 
650 0 |a Flash (Computer file) 
999 |a 0000016939   |b BOOK   |c Open Shelf   |e Default branch